00431 2200169 4500001002100000005001500021035002000036007000300056008004100059020001800100082001200118084002200130100001500152245004200167260003600209990001600245INLIS00000000000253820260314111129 a0010-0326000486ta260314 0  a9786231891891 a2X7.341 a2X7.341 NUR g C.10 aNUR ROKHIM1 aGUS DUR :bSANTRI YANG GEMAR MEMBOLOS ayogyakarta :bDIVA Press,c2023 a2026/h/0594